Hradec Economic Days Proceedings of the International Scientific Conference Hradec Economic Days 2023: April 13–14, 2023, Hradec Králové, Czech Republic

Gespeichert in:
Bibliographische Detailangaben
Körperschaften: Hradec Economic Days. International Scientific Conference, Univerzita Hradec Králové. Fakulta informatiky a managementu
Weitere Verfasser: Mačí, Jan, Marešová, Petra, Firlej, Krzysztof, Soukal, Ivan
Format: Buch
Sprache:Englisch
Veröffentlicht: Hradec Králové University of Hradec Králové 2023
Ausgabe:1st edition
Schlagworte:
Tags: Tag hinzufügen
Keine Tags, Fügen Sie das erste Tag hinzu!

MARC

LEADER 00000nlm a2200000 4500
001 0292157
005 20230427130911.0
020 |a 978-80-7435-901-9 
022 |a 2464-6067 
041 0 |a eng 
044 |a CZ 
245 1 0 |a Hradec Economic Days  |b Proceedings of the International Scientific Conference Hradec Economic Days 2023: April 13–14, 2023, Hradec Králové, Czech Republic  |c Editors: Jan Mačí, Petra Marešová, Krzysztof Firlej, Ivan Soukal 
250 |a 1st edition 
264 1 |a Hradec Králové  |b University of Hradec Králové  |c 2023 
300 |a 986 s. 
610 2 0 |a marketing 
610 2 0 |a hospodárstvo podnikové 
610 2 0 |a manažment 
610 2 0 |a siete sociálne 
610 2 0 |a spolupráca medzinárodná 
610 2 0 |a koronavírus 
700 1 |a Mačí, Jan 
700 1 |a Marešová, Petra 
700 1 |a Firlej, Krzysztof 
700 1 |a Soukal, Ivan 
110 2 |a Hradec Economic Days. International Scientific Conference 
710 2 |a Univerzita Hradec Králové. Fakulta informatiky a managementu